who said it? dream smp - Statistics

General Stats
  • This quiz has been taken 1,001 times
  • The average score is 12 of 16
Answer Stats
Hint Answer % Correct
i choose blood techno
99%
just killed a woman feeling good tommy
98%
language badboyhalo
96%
are we the bad guys wilbur
96%
owww they hadsex on the crafting table tubbo
95%
who the f##k is larry dream
90%
im a gay dinosaur george
87%
lice is dangerous quackity
85%
it was never meant to be eret
84%
if i cant make people smile ill makethem cry fundy
82%
just share the b#####s sapnap
76%
wait plz stop i dont know if thisis right for our country karl
57%
techno will win niki
57%
im gonna scream ahhhh ranboo
56%
get off my podium schlatt
51%
no fighting in the house awesamdude
23%
No matching quizzes found
Score Distribution
Percent of People with Each Score
Percentile by Number Answered
Your Score History
You have not taken this quiz